00278nam a2200109 4500082001200000100001800012245003200030260001900062300000900081505004300090650003500133 a546 KEN aKendall James aSmith's Inorganic Chemistry aLondonbG.Bell a1030 arevisewd and Rewriter by James Kendall aChemistryaInorganic Chemistry